00802 2200229 4500001002100000005001700021008004100038035002500079040001200104082001500116084002000131100002900151245011700180260007300297300003100370500007900401504002800480650002300508700001100531850001200542990001800554INLIS00000000000885720150804132137.0  a0010-081500000000295 aYOPDYOG 223a297.28 aSK 297.28 Muh T aMUHAMMAD Iqbal Kurniawan aTradisi ruwahan sebagai media dakwah di dusun Malangrejo Wedomartani Ngemplak Slemanc/ Muhammad Iqbal Kurniawan aYogyakartabUniversitas Islam Negeri Sunan Kalijaga Yogyakartac2005 aviii, 77 lembar ; 29,5 cm. aSkripsi Fakultas Dakwah Universitas Islam Negeri Sunan Kalijaga Yogyakarta aBibliografi: hlm. 76-77 aIslam -- Asimilasi aKHADIQ aYOPDYOG a47211-PD/A.15